Państwa produkujące najwięcej papai - Statystyki

Ogólne statystyki
  • Ten quiz został rozwiązany 43 razy
  • Średni wynik to 7 z 10
Statystyki odpowiedzi
Tony w tysiącach Państwo % Poprawnych
1060 Brazylia
93%
5989 Indie
83%
888 Indonezja
83%
184 Kolumbia
83%
1040 Meksyk
78%
189 Wenezuela
78%
214 Demokratyczna Republika Konga
56%
883 Nigeria
44%
177 Kuba
37%
1022 Dominikana
24%
Nie znaleziono quizów pasujących do podanych kryteriów
Rozkład punktacji
Procent ludzi z każdym wynikiem
Percentyl według liczby udzielonych odpowiedzi
Twoja historia wyników
Nie rozwiązałeś tego quizu